Last evenings on Earth / (Record no. 4272)

MARC details
000 -LEADER
fixed length control field 00600nam a2200181 ar4500
001 - CONTROL NUMBER
control field 4274
005 - DATE AND TIME OF LATEST TRANSACTION
control field 20221127090912.0
008 - FIXED-LENGTH DATA ELEMENTS--GENERAL INFORMATION
fixed length control field 150707s xxu 0001f eng d
020 ## - INTERNATIONAL STANDARD BOOK NUMBER
International Standard Book Number 0811216349 :
Terms of availability SR136.00
082 04 - DEWEY DECIMAL CLASSIFICATION NUMBER
Classification number 863.64
Item number B637 2006
100 1# - MAIN ENTRY--PERSONAL NAME
Personal name Bolano, Roberto.
245 10 - TITLE STATEMENT
Title Last evenings on Earth /
Statement of responsibility, etc. R. Bolano ; translated from the Spanish by Chris Andrews.
260 ## - PUBLICATION, DISTRIBUTION, ETC.
Place of publication, distribution, etc. New York :
Name of publisher, distributor, etc. New Directions Books,
Date of publication, distribution, etc. 2006.
300 ## - PHYSICAL DESCRIPTION
Extent 219 p. ;
Dimensions 21 cm.
650 #4 - SUBJECT ADDED ENTRY--TOPICAL TERM
Topical term or geographic name entry element Spanish fiction
General subdivision Translations into English.
650 #4 - SUBJECT ADDED ENTRY--TOPICAL TERM
Topical term or geographic name entry element Spanish fiction
Chronological subdivision 20th century.
700 0# - ADDED ENTRY--PERSONAL NAME
Personal name Andrews, Chris,
Relator term translator.

No items available.